Former USSR Countries in Order of Size - Statistics

General Stats
  • This quiz has been taken 52 times
  • The average score is 7 of 15
Answer Stats
Country % Correct
1 Russia
100%
2 Kazakhstan
98%
3 Ukraine
93%
4 Turkmenistan
68%
5 Uzbekistan
66%
6 Belarus
63%
7 Kyrgyzstan
39%
8 Tajikistan
37%
9 Azerbaijan
32%
10 Georgia
22%
15 Armenia
20%
14 Moldova
17%
13 Estonia
15%
12 Latvia
15%
11 Lithuania
15%
No matching quizzes found
Score Distribution
Percent of People with Each Score
Percentile by Number Answered
Your Score History
You have not taken this quiz